Sino ang mga kapatid ni Dr. Jose Rizal - Statistics

General Stats
  • This quiz has been taken 20 times
  • The average score is 7 of 9
Answers on the Grid
Answers color-coded by a green-red scale on the quiz's grid according to % correct below.
Saturnina
Ponciano
Teresita
Paciano
Narcisa
Alberto
Olympia
Hipolito
Emilio
Lucia
Maria
Antonio
Conchita
Concepcion
Josefa
Norma
Trinidad
Victoriano
Domingo
Veronica
 
Answer Stats
Answer % Correct
Concepcion
82%
Narcisa
82%
Paciano
82%
Trinidad
82%
Josefa
73%
Lucia
73%
Saturnina
73%
Olympia
64%
Maria
55%
No matching quizzes found
Score Distribution
Percent of People with Each Score
Percentile by Number Answered
Your Score History
You have not taken this quiz